000 00400pab a2200157 454500
008 180718b2011 xxu||||| |||| 00| 0 eng d
100 _aDas, Panchanan
245 _aProductivity and efficiency in the jute industry (Discussion)
260 _c2011
300 _ap.74-76.
362 _a7 May
650 _aJute industry
773 _aEconomic and Political Weekly
908 _aN
909 _a91461
999 _c91461
_d91461